Case study strategies for architects and designers : (Record no. 7792)

000 -LEADER
fixed length control field 00687cam a2200193 i 4500
003 - CONTROL NUMBER IDENTIFIER
control field OSt
005 - DATE AND TIME OF LATEST TRANSACTION
control field 20200521131000.0
008 - FIXED-LENGTH DATA ELEMENTS--GENERAL INFORMATION
fixed length control field 161222s2017 nyua b 000 0 eng
020 ## - INTERNATIONAL STANDARD BOOK NUMBER
International Standard Book Number 9781138899674 (pbk.)
042 ## - AUTHENTICATION CODE
Authentication code pcc
082 00 - DEWEY DECIMAL CLASSIFICATION NUMBER
Classification number 720.721SAR
Edition number 23
100 1# - MAIN ENTRY--PERSONAL NAME
Personal name Sarvimäki, Marja,
Relator term author.
245 10 - TITLE STATEMENT
Title Case study strategies for architects and designers :
Remainder of title integrative data research methods /
Statement of responsibility, etc Marja Sarvimaki.
300 ## - PHYSICAL DESCRIPTION
Extent xiv, 180 pages :
Other physical details ill. ;
Dimensions 22 cm.
504 ## - BIBLIOGRAPHY, ETC. NOTE
Bibliography, etc Includes bibliographical references.
505 0# - FORMATTED CONTENTS NOTE
Formatted contents note The interdisciplinary realm -- Quantitative vs. qualitative strategies -- Integrative data evaluation.
650 #0 - SUBJECT ADDED ENTRY--TOPICAL TERM
Topical term or geographic name as entry element Evidence-based design.
942 ## - ADDED ENTRY ELEMENTS (KOHA)
Source of classification or shelving scheme
Holdings
Withdrawn status Lost status Source of classification or shelving scheme Damaged status Koha normalized classification for sorting Not for loan Permanent location Current location Date acquired Total Checkouts Full call number Barcode Date last seen Date last borrowed Price effective from Koha item type Shelving location
        720_000000000000000_721SAR   BMS College of Architecture, Design and Planning BMS College of Architecture, Design and Planning 2020-05-21 2 720.721SAR AR-UG1505 2026-02-02 2026-02-02 2020-05-21 UG Books  
        720_000000000000000_721SAR   BMS College of Architecture, Design and Planning BMS College of Architecture, Design and Planning 2025-12-16   720.721SAR AR-UG5139 2026-02-10   2026-02-10 UG Books General Stacks
Copyright © 2025, The Librarian, Library and Information Centre, BMSCA D&P, Bengaluru. All Rights Reserved
web counter

Powered by Koha